Space style decoration. (Record no. 30936)

MARC details
000 -LEADER
fixed length control field 01079nac a22003131u 4500
003 - CONTROL NUMBER IDENTIFIER
control field EG-ScBUE
005 - DATE AND TIME OF LATEST TRANSACTION
control field 20250226111455.0
008 - FIXED-LENGTH DATA ELEMENTS--GENERAL INFORMATION
fixed length control field 130407s2010 cc o f 000 0 eng d
020 ## - INTERNATIONAL STANDARD BOOK NUMBER
International Standard Book Number 9787561835234
035 ## - SYSTEM CONTROL NUMBER
System control number (OCoLC)70122541
040 ## - CATALOGING SOURCE
Original cataloging agency EG-ScBUE
Language of cataloging eng
Description conventions rda
Transcribing agency EG-ScBUE
Modifying agency EG-ScBUE
041 0# - LANGUAGE CODE
Language code of text/sound track or separate title eng
-- chi
082 04 - DEWEY DECIMAL CLASSIFICATION NUMBER
Classification number 747
Item number SPA
Edition number 22
245 00 - TITLE STATEMENT
Title Space style decoration.
264 #1 - PUBLICATION, DISTRIBUTION, ETC. (IMPRINT)
Place of publication, distribution, etc Beijing :
Name of publisher, distributor, etc Tianjin University Press,
Date of publication, distribution, etc 2010.
300 ## - PHYSICAL DESCRIPTION
Extent 318 pages :
Other physical details photographs ;
Dimensions 30 cm
336 ## - CONTENT TYPE
Source rdacontent
Content type term text
Content type code txt
337 ## - MEDIA TYPE
Source rdamedia
Media type term unmediated
Media type code n
338 ## - CARRIER TYPE
Source rdacarrier
Carrier type term volume
Carrier type code nc
546 ## - LANGUAGE NOTE
Language note Text in English and Chinese.
650 #7 - SUBJECT ADDED ENTRY--TOPICAL TERM
Topical term or geographic name as entry element Interior decoration.
Source of heading or term BUEsh
9 (RLIN) 33044
650 #7 - SUBJECT ADDED ENTRY--TOPICAL TERM
Topical term or geographic name as entry element Decoration and ornament.
Source of heading or term BUEsh
9 (RLIN) 33045
653 ## - INDEX TERM--UNCONTROLLED
Arrived date list February2025
Resource For college Arts and Design
655 ## - INDEX TERM--GENRE/FORM
Form subdivision Reading book
856 41 - ELECTRONIC LOCATION AND ACCESS
Materials specified Table of contents only
Uniform Resource Identifier <a href="http://www.loc.gov/catdir/toc/ecip0615/2006019572.html">http://www.loc.gov/catdir/toc/ecip0615/2006019572.html</a>
856 41 - ELECTRONIC LOCATION AND ACCESS
Materials specified Contributor biographical information
Uniform Resource Identifier <a href="http://www.loc.gov/catdir/enhancements/fy0721/2006019572-b.html">http://www.loc.gov/catdir/enhancements/fy0721/2006019572-b.html</a>
942 ## - ADDED ENTRY ELEMENTS (KOHA)
Koha item type Book - Borrowing
Source of classification or shelving scheme Dewey Decimal Classification
Holdings
Withdrawn status Lost status Source of classification or shelving scheme Damaged status Not for loan Collection code Home library Current library Shelving location Date acquired Source of acquisition Cost, normal purchase price Serial Enumeration / chronology Total Checkouts Full call number Barcode Date last seen Cost, replacement price Price effective from Koha item type
    Dewey Decimal Classification     Baccah Central Library Central Library Second Floor 26/02/2025 Purchase 552.00 39023   747 SPA 000057300 15/07/2025 690.00 26/02/2025 Book - Borrowing